| 000 | 00000nas 22000008a 4500 |
| 001 | 9.845270 |
| 003 | CaOODSP |
| 005 | 20221107152929 |
| 007 | cr ||||||||||| |
| 008 | 171010c20179999quc x m o f0 b0eng|d |
| 040 | |aCaOODSP|beng |
| 043 | |an-cn--- |
| 086 | 1 |aTU3-10E-PDF |
| 130 | 0 |aAir transportation safety investigation brief. |
| 245 | 10|aAir transportation safety investigation brief |h[electronic resource]. |
| 246 | 13|aAir transportation safety investigation report |
| 260 | |aGatineau, QC : |bTransportation Safety Board of Canada, |c2017- |
| 310 | |aIrregular |
| 500 | |aIssued also in French under title: Bilan d'enquête de sécurité du transport aérien. |
| 692 | 07|2gccst|aAir safety |
| 710 | 2 |aTransportation Safety Board of Canada. |
| 775 | 08|tBilan d'enquête de sécurité du transport aérien |w(CaOODSP)9.845276 |